Geologic research in New Mexico during 1959. (Record no. 29471)

MARC details
000 -LEADER
fixed length control field 00864cam a22002531 4500
001 - CONTROL NUMBER
control field gs 60000250
003 - CONTROL NUMBER IDENTIFIER
control field DLC
005 - DATE AND TIME OF LATEST TRANSACTION
control field 20260227111409.0
008 - FIXED-LENGTH DATA ELEMENTS--GENERAL INFORMATION
fixed length control field 780914s1960 nmu 000 0 eng
010 ## - LIBRARY OF CONGRESS CONTROL NUMBER
LC control number gs 60000250
035 ## - SYSTEM CONTROL NUMBER
System control number (OCoLC)4224768
040 ## - CATALOGING SOURCE
Original cataloging agency DLC
Transcribing agency TxEU
Modifying agency DLC
042 ## - AUTHENTICATION CODE
Authentication code premarc
050 00 - LIBRARY OF CONGRESS CALL NUMBER
Classification number TN24.N6
Item number A235 no. 56
100 1# - MAIN ENTRY--PERSONAL NAME
Personal name Kottlowski, Frank Edward.
245 10 - TITLE STATEMENT
Title Geologic research in New Mexico during 1959.
260 ## - PUBLICATION, DISTRIBUTION, ETC.
Place of publication, distribution, etc. Socorro,
Name of publisher, distributor, etc. State Bureau of Mines and Mineral Resources, New Mexico Institute of Mining and Technology,
Date of publication, distribution, etc. 1960.
300 ## - PHYSICAL DESCRIPTION
Extent 44 p.
Dimensions 28 cm.
490 1# - SERIES STATEMENT
Series statement New Mexico. Bureau of Mines and Mineral Resources. Circular
Volume/sequential designation 56
504 ## - BIBLIOGRAPHY, ETC. NOTE
Bibliography, etc. note Bibliography: p. 25-35.
650 #0 - SUBJECT ADDED ENTRY--TOPICAL TERM
Topical term or geographic name entry element Geology
Geographic subdivision New Mexico.
650 #0 - SUBJECT ADDED ENTRY--TOPICAL TERM
Topical term or geographic name entry element Geology
General subdivision Research.
830 #0 - SERIES ADDED ENTRY--UNIFORM TITLE
Uniform title Circular (New Mexico. Bureau of Mines and Mineral Resources) ;
Volume/sequential designation 56.

No items available.

Powered by Koha